Bernardo de Gálvez (Record no. 145244)

MARC details
000 -LEADER
campo de control de longitud fija 00820nam a2200205 4500
001 - NÚMERO DE CONTROL
campo de control 145244
003 - IDENTIFICADOR DE NÚMERO DE CONTROL
campo de control ES-MaACL
005 - FECHA Y HORA DE LA ÚLTIMA TRANSACCIÓN
campo de control 20230906201207.0
007 - CAMPO FIJO DE DESCRIPCIÓN FÍSICA--INFORMACIÓN GENERAL
campo de control de longitud fija t|
008 - DATOS DE LONGITUD FIJA--INFORMACIÓN GENERAL
campo de control de longitud fija 070214s1946 sp r ||||1| spa d
100 1# - ENTRADA PRINCIPAL--NOMBRE DE PERSONA
Nombre de persona Souvirón, Sebastián.
9 (RLIN) 107606
245 10 - MENCIÓN DEL TÍTULO
Título Bernardo de Gálvez
Resto del título : virrey de Méjico : (un infante de la marina española) : Málaga, año 1946 : (II centenario de su nacimiento) /
Mención de responsabilidad, etc. Sebastián Souvirón.
260 ## - PUBLICACIÓN, DISTRIBUCIÓN, ETC.
Lugar de publicación, distribución, etc. Málaga :
Nombre del editor, distribuidor, etc. Diputación Provincial,
Fecha de publicación, distribución, etc. 1946.
300 ## - DESCRIPCIÓN FÍSICA
Extensión 118 p., 8 lám :
Otras características físicas il. ;
Dimensiones 16 cm.
490 1# - MENCIÓN DE SERIE
Mención de serie Publicaciones del Instituto de Cultura. Serie B ;
Designación de volumen o secuencia 1
710 1# - ENTRADA AGREGADA--NOMBRE DE ENTIDAD CORPORATIVA
Nombre de entidad corporativa o nombre de jurisdicción como elemento de entrada Málaga (Provincia).
Unidad subordinada Diputación Provincial.
9 (RLIN) 5636
830 0# - PUNTO DE ACCESO ADICIONAL DE SERIE-TÍTULO UNIFORME
Título uniforme Publicaciones del Instituto de Cultura. Serie B ;
Designación de volumen o secuencia 1
9 (RLIN) 185567
852 ## - LOCALIZACIÓN
Ubicación ES-MaACL
Número de control de estantería D-5748
Sublocalización o colección R.26180
Holdings
Estatus retirado Estado de pérdida Estado de daño No para préstamo Biblioteca de origen Biblioteca actual Ubicación en estantería Fecha de adquisición Fuente de adquisición Total de préstamos Signatura topográfica completa Código de barras Visto por última vez Precio de reemplazo Tipo de ítem Koha
        Biblioteca del Ateneo de Madrid Biblioteca del Ateneo de Madrid Sala Valle Inclán 17/01/2008     D-5748 901151614 23/02/2023 23/02/2023 Libro impreso